000 00576nam a2200229Ia 4500
003 EC-GqESP
005 20250930105953.0
008 250425s9999 xx 000 0 und d
010 _a9494
041 _aspa
082 _a920.9866
100 _aPEREZ PIMENTEL, RODOLFO
245 0 _aDICCIONARIO BIOGRAFICO DEL ECUADOR TOMO V
250 _a1A ED.
260 _aEcuador
_bDE LA UNIVERSIDAD DE GUAYAQUIL
_c1987
260 _aGUAYAQUIL
300 _a402
650 _aBIOGRAFIAS
650 _aBIOGRAFIAS-DICCIONARIOS
650 _aBIOGRAFIAS-ECUADOR
942 _c01
999 _c199834
_d199834